000 00531nam a2200169Ia 4500
003 GCL
008 140319s9999 xx 000 0 ara d
040 _aGCL /
_cGCL
082 0 4 _a812.052
_bم ش
100 1 _aمحمد الفيتورى
245 1 0 _aالشاعر واللعبة : كوميديا سوداء /
_cمحمد الفيتورى
300 _a62 ص
490 _aالهيئة العامة للاستعلامات
_v0
650 0 4 _aالادب العربى
650 0 4 _aالمسرحيات العربية
942 _2ddc
_cBK
999 _c49181
_d49181